Animals by Images A-Z - Statistics

General Stats
  • This quiz has been taken 84 times
  • The average score is 18 of 26
Answer Stats
Picture Answer % Correct
Cheetah
96%
Giraffe
96%
Hippopotamus
96%
Fox
93%
Kangaroo
93%
Alpaca
92%
Polar Bear
92%
Squirrel
92%
Zebra
90%
Beaver
89%
Rhinoceros
89%
Jaguar
88%
Lemur
88%
Iguana
85%
Otter
84%
Elk
81%
Dingo
70%
Yak
68%
Tasmanian devil
62%
Wildebeest
42%
Quokka
40%
Vole
34%
Mandrill
33%
Urial
1%
Nilgai
0%
Xerus
0%
No matching quizzes found
Score Distribution
Percent of People with Each Score
Percentile by Number Answered
Your Score History
You have not taken this quiz